Transports economics

Saved in:
Bibliographic Details
Main Author: Stubbs, P. C.
Format: Book
Language:Undetermined
Published: London George Allen & Unwin 1980
Subjects:
Tags: Add Tag
No Tags, Be the first to tag this record!
Institutions: Trung tâm Học liệu Trường Đại học Cần Thơ
LEADER 00497nam a2200181Ia 4500
001 CTU_83668
008 210402s9999 xx 000 0 und d
082 |a 380.5 
082 |b S929 
100 |a Stubbs, P. C. 
245 0 |a Transports economics 
245 0 |c P. C. Stubbs, W. J. Tyson, M. Q. Dalvi 
260 |a London 
260 |b George Allen & Unwin 
260 |c 1980 
650 |a Transport economics 
904 |i Qhieu(sửa) 
980 |a Trung tâm Học liệu Trường Đại học Cần Thơ